Studies in national economic accounting / (Record no. 132243)
[ view plain ]
| 000 -LEADER | |
|---|---|
| fixed length control field | 01066cam8a220024100 4500 |
| 001 - CONTROL NUMBER | |
| control field | qce00133874 |
| 005 - DATE AND TIME OF LATEST TRANSACTION | |
| control field | 20190822111544.0 |
| 008 - FIXED-LENGTH DATA ELEMENTS--GENERAL INFORMATION | |
| fixed length control field | 780420s1977 ja 001 0 eng d |
| 035 ## - SYSTEM CONTROL NUMBER | |
| System control number | (Sirsi) r51072 |
| 035 ## - SYSTEM CONTROL NUMBER | |
| System control number | (QCAT)lss01934729 |
| 035 ## - SYSTEM CONTROL NUMBER | |
| System control number | (UPRA)qce00133874 |
| 040 ## - CATALOGING SOURCE | |
| Modifying agency | UPRA |
| 100 1# - MAIN ENTRY--PERSONAL NAME | |
| Personal name | Kurabayashi, Yoshimasa, 1926- |
| Dates associated with a name | Kurabayashi, Yoshimasa, 1926- |
| Linkage | A8980.1 |
| 245 10 - TITLE STATEMENT | |
| Title | Studies in national economic accounting / |
| Statement of responsibility, etc. | by Yoshimasa Kurabayashi. --. |
| 260 ## - PUBLICATION, DISTRIBUTION, ETC. | |
| Place of publication, distribution, etc. | Tokyo : |
| Name of publisher, distributor, etc. | Kinokuniya Book-Store Co., |
| Date of publication, distribution, etc. | c1977. |
| 440 #0 - SERIES STATEMENT/ADDED ENTRY--TITLE | |
| Title | Collection of national accounts studies ; |
| Volume/sequential designation | 1 |
| Linkage | S2648.1 |
| 490 1# - SERIES STATEMENT | |
| Series statement | Economic research series ; no. 16 |
| 504 ## - BIBLIOGRAPHY, ETC. NOTE | |
| Bibliography, etc. note | Includes bibliographical references and indexes. |
| 650 #0 - SUBJECT ADDED ENTRY--TOPICAL TERM | |
| Topical term or geographic name entry element | National income -- Accounting -- Mathematical models. |
| General subdivision | National income -- Accounting -- Mathematical models. |
| -- | National income -- Accounting -- Mathematical models. |
| Linkage | S6021.1 |
| 830 #0 - SERIES ADDED ENTRY--UNIFORM TITLE | |
| Uniform title | Economic research series (Hitotsubashi Daigaku. Keizai Kenkyujo) ; |
| Volume/sequential designation | no.16. |
| Linkage | S2649.1 |
| 949 ## - LOCAL PROCESSING INFORMATION (OCLC) | |
| a | HC79 |
| w | lcc |
| i | -64752 |
| m | MAIN |
| t | BOOK |
| l | ON-SHELF |
No items available.